[Event "Cto Aragón Equipos Pref Gr II"]
[Site "Aragon"]
[Date "2015.03.21"]
[Round "9.68"]
[White "Casanova Aldana, Gabriel"]
[Black "Gaspar Calvo, Luis Alberto"]
[Result "0-1"]
[WhiteElo "1621"]
[BlackElo "1883"]
[PlyCount "54"]
[EventDate "2015.01.24"]
[WhiteTeam "Santa Isabel"]
[BlackTeam "Marcos Frechin"]

1. e4 c5 2. b4 cxb4 3. d4 d5 4. e5 Nc6 5. Nf3 Bg4 6. Be2 e6 7. O-O Nge7 8. a3
Nf5 9. h3 Bxf3 10. Bxf3 Nfxd4 11. axb4 Nxf3+ 12. Qxf3 Nxe5 13. Qf4 Qf6 14. c3
Qxf4 15. Bxf4 Nc4 16. Nd2 Nxd2 17. Bxd2 Be7 18. Be3 a6 19. Ra4 Bf6 20. Rc1 O-O
21. g4 h6 22. Kg2 Rac8 23. Ra3 d4 24. cxd4 Rxc1 25. Bxc1 Bxd4 26. Rd3 e5 27.
Kf3 f5 0-1

[Event "Cto Aragón Equipos Pref Gr II"]
[Site "Aragon"]
[Date "2015.03.21"]
[Round "9.69"]
[White "Galvez Perez, Jose Luis"]
[Black "Carruez Berges, Fernando"]
[Result "0-1"]
[WhiteElo "1947"]
[BlackElo "2095"]
[PlyCount "100"]
[EventDate "2015.01.24"]
[WhiteTeam "Caissa B"]
[BlackTeam "Agrupacion B"]

1. d4 Nf6 2. c4 d6 3. Nc3 Nbd7 4. e4 e5 5. Nf3 g6 6. Be3 Ng4 7. Bg5 f6 8. Bc1
Nh6 9. d5 Bg7 10. h3 a5 11. g4 Nf7 12. Be3 Nc5 13. Rg1 Bd7 14. Nd2 Bh6 15. Qf3
Bxe3 16. fxe3 O-O 17. Be2 Kh8 18. O-O-O Qe7 19. Rdf1 Nh6 20. Qg3 Kg7 21. h4 Rf7
22. Kb1 Raf8 23. Rf2 Kh8 24. Rh2 f5 25. g5 f4 26. exf4 exf4 27. Qf2 Ng8 28. Nf3
Re8 29. h5 Kg7 30. Qd4+ Kf8 31. hxg6 hxg6 32. Nh4 Rh7 33. Rf2 Qe5 34. Rxf4+
Qxf4 35. Rf1 Qxf1+ 36. Bxf1 Ne7 37. Bg2 Kg8 38. Nf3 b6 39. b3 Rf7 40. Qd2 Ref8
41. Qe3 Bg4 42. Ne1 Rf2 43. e5 dxe5 44. Ne4 Re2 45. Qg3 Bf5 46. Kc1 Rxe1+ 47.
Qxe1 Nd3+ 48. Kd2 Nxe1 49. Nf6+ Rxf6 50. gxf6 Nxg2 0-1

[Event "Cto Aragón Equipos Pref Gr II"]
[Site "Aragon"]
[Date "2015.03.21"]
[Round "9.70"]
[White "Martinez Asensio, Juan Miguel"]
[Black "Vasilev, Vas"]
[Result "1/2-1/2"]
[WhiteElo "2069"]
[BlackElo "1943"]
[PlyCount "77"]
[EventDate "2015.01.24"]
[WhiteTeam "Agrupacion B"]
[BlackTeam "Caissa B"]

1. e4 d6 2. d4 g6 3. Nc3 c6 4. Be3 Bg7 5. Qd2 Nd7 6. f4 Ngf6 7. Nf3 d5 8. e5
Ng4 9. Bg1 h5 10. e6 fxe6 11. Bd3 Nf8 12. h3 Nh6 13. g4 hxg4 14. hxg4 Nxg4 15.
Rxh8 Bxh8 16. Ne5 Nh6 17. Nxg6 Nxg6 18. Bxg6+ Kd7 19. O-O-O Nf5 20. Bf2 Bf6 21.
Rf1 Qh8 22. Ne2 Bh4 23. Rh1 Bxf2 24. Rxh8 Be3 25. Bxf5 Bxd2+ 26. Kxd2 exf5 27.
Ng1 b6 28. Nf3 Bb7 29. Ne5+ Kc7 30. Rh7 Re8 31. Rf7 Bc8 32. Ke3 Kd6 33. Rh7 Bd7
34. Rh6+ Kc7 35. Rh7 Kd6 36. Rh6+ Kc7 37. Rh7 Kd6 38. Nf7+ Kc7 39. Ne5 1/2-1/2

[Event "Cto Aragón Equipos Pref Gr II"]
[Site "Aragon"]
[Date "2015.03.21"]
[Round "9.71"]
[White "Prieto Martinez, Fco. Javier"]
[Black "Lopez Guaita, Fernando"]
[Result "0-1"]
[WhiteElo "1829"]
[BlackElo "1967"]
[PlyCount "82"]
[EventDate "2015.01.24"]
[WhiteTeam "Caissa B"]
[BlackTeam "Agrupacion B"]

1. Nc3 d5 2. e4 dxe4 3. Nxe4 Nf6 4. Nxf6+ exf6 5. Bc4 Bd6 6. Qe2+ Qe7 7. d4 O-O
8. Qxe7 Bxe7 9. Bf4 c6 10. O-O-O Nd7 11. d5 Ne5 12. Bb3 Rd8 13. Nf3 Bg4 14.
Bxe5 Bxf3 15. gxf3 fxe5 16. Rhe1 Bd6 17. Re2 Rab8 18. dxc6 bxc6 19. Red2 Be7
20. Rd7 Kf8 21. f4 exf4 22. Rxa7 f3 23. Rd3 f5 24. h4 Rxd3 25. cxd3 Bxh4 26.
Rf7+ Ke8 27. Rxg7 Rb4 28. Kd2 Bxf2 29. Rxh7 Bd4 30. Rh5 f4 31. Rh3 f2 32. Ke2
Rb5 33. Kf1 Re5 34. Rh8+ Ke7 35. Rh7+ Kd6 36. Rh6+ Kc7 37. Rh7+ Kd8 38. Rh8+
Kc7 39. Rh7+ Kb6 40. Rh1 Re1+ 41. Kg2 Rxh1 0-1

[Event "Cto Aragón Equipos Pref Gr II"]
[Site "Aragon"]
[Date "2015.03.21"]
[Round "9.72"]
[White "Serrat Claver, David"]
[Black "Garcia Lopez, Antonio"]
[Result "0-1"]
[WhiteElo "1844"]
[BlackElo "1792"]
[PlyCount "116"]
[EventDate "2015.01.24"]
[WhiteTeam "Agrupacion B"]
[BlackTeam "Caissa B"]

1. e4 d6 2. d4 Nf6 3. Nc3 g6 4. Bg5 Bg7 5. f4 c6 6. Be2 b5 7. a3 Bb7 8. Nf3 a6
9. Qd2 Qb6 10. e5 dxe5 11. fxe5 Nd5 12. Nxd5 cxd5 13. O-O Nc6 14. Kh1 h6 15.
Be3 Bc8 16. a4 b4 17. c4 Na5 18. c5 Qb7 19. Qc2 Bf5 20. Bd3 e6 21. Bxf5 gxf5
22. b3 Nc6 23. Bf4 O-O-O 24. Qd2 Rdg8 25. a5 Qb5 26. Rf2 Kb7 27. Ra4 Rb8 28.
Ne1 Ka7 29. Nc2 Rb7 30. Kg1 h5 31. Rf3 f6 32. exf6 Bxf6 33. Bd6 Bd8 34. Qe3 Re8
35. Rh3 h4 36. Qe1 Bxa5 37. Qe3 Bd8 38. Kf2 Bf6 39. Be5 Bd8 40. Ke1 a5 41. Ra1
Rg8 42. g3 hxg3 43. Bxg3 Re8 44. Qh6 e5 45. Qh5 Nxd4 46. Nxd4 exd4+ 47. Kd2
Rbe7 48. Re1 Qxc5 49. Rxe7+ Rxe7 50. Bh4 Re3 51. Qh7+ Bc7 52. Rxe3 dxe3+ 53.
Ke2 Qc2+ 54. Kf3 Qxh2 55. Qe7 Kb7 56. Qd7 Qh3+ 57. Ke2 Qxh4 58. Qxd5+ Kc8 0-1

[Event "Cto Aragón Equipos Div Honor Titulo"]
[Site "Aragon"]
[Date "2015.03.28"]
[Round "10.1"]
[White "Adla, Diego"]
[Black "Forcen Esteban, Daniel"]
[Result "0-1"]
[WhiteElo "2469"]
[BlackElo "2526"]
[PlyCount "78"]
[EventDate "2015.02.21"]
[WhiteTeam "St. Casablanca"]
[BlackTeam "Jaime Casas"]

1. e4 c5 2. Nf3 e6 3. d3 Nf6 4. g3 d5 5. Qe2 Be7 6. Bg2 O-O 7. O-O Nc6 8. e5
Nd7 9. c4 b5 10. cxb5 Na5 11. Nc3 a6 12. bxa6 Bxa6 13. b3 Nc6 14. Rd1 Nb4 15.
h4 Qc7 16. Bf4 Nb6 17. Rac1 Rfd8 18. Bf1 c4 19. Qe3 d4 20. Nxd4 N6d5 21. Nxd5
Nxd5 22. Qf3 c3 23. Nc2 Bb7 24. d4 Rxa2 25. Bc4 Nxf4 26. Qxf4 Qc6 27. d5 exd5
28. Nd4 Qb6 29. Bf1 Bb4 30. Rd3 Rd2 31. Rd1 Rxd1 32. Rxd1 Bc5 33. Nb5 d4 34.
Bc4 Qc6 35. Qxf7+ Kh8 36. f3 c2 37. Rf1 d3+ 38. Kh2 d2 39. Nd6 Bxd6 0-1

[Event "Cto Aragón Equipos Div Honor Titulo"]
[Site "Aragon"]
[Date "2015.03.28"]
[Round "10.2"]
[White "Antoli Royo, Joaquin Miguel"]
[Black "Glavina, Pablo"]
[Result "0-1"]
[WhiteElo "2437"]
[BlackElo "2418"]
[PlyCount "100"]
[EventDate "2015.02.21"]
[WhiteTeam "Jaime Casas"]
[BlackTeam "St. Casablanca"]

1. d4 Nf6 2. c4 g6 3. Nc3 Bg7 4. e4 O-O 5. Nf3 d6 6. Be2 e5 7. Be3 Na6 8. d5
Ng4 9. Bg5 f6 10. Bh4 Nh6 11. Nd2 c5 12. a3 b6 13. Rb1 Kh8 14. b4 Qe7 15. O-O
Bd7 16. Nb5 Rfc8 17. Qa4 Nc7 18. Qb3 Ne8 19. a4 Nf7 20. Ra1 h5 21. f3 Bh6 22.
Ra2 a6 23. Nc3 Be3+ 24. Kh1 Bd4 25. a5 g5 26. Bf2 Rab8 27. b5 Qd8 28. bxa6 bxa5
29. Nb5 Bxf2 30. Rxf2 Nc7 31. a7 Rb7 32. f4 exf4 33. Bxh5 Ne5 34. Be2 Nxb5 35.
cxb5 Rxa7 36. Nc4 Nxc4 37. Bxc4 Rb8 38. Rfb2 Kg7 39. Ra1 Qe7 40. Rab1 Rb6 41.
Qd3 Qe5 42. Ra2 a4 43. Re1 Rb8 44. Rb1 f5 45. b6 Rab7 46. Re1 fxe4 47. Qxe4
Qxe4 48. Rxe4 Rxb6 49. h4 Bf5 50. Re7+ Kf6 0-1

[Event "Cto Aragón Equipos Div Honor Titulo"]
[Site "Aragon"]
[Date "2015.03.28"]
[Round "10.3"]
[White "Quintin Navarro, Alberto"]
[Black "Garza Marco, Sergio"]
[Result "1/2-1/2"]
[WhiteElo "2331"]
[BlackElo "2415"]
[PlyCount "62"]
[EventDate "2015.02.21"]
[WhiteTeam "St. Casablanca"]
[BlackTeam "Jaime Casas"]

1. Nf3 Nf6 2. d4 e6 3. c4 Bb4+ 4. Bd2 a5 5. Nc3 b6 6. e3 Bb7 7. Bd3 O-O 8. O-O
d5 9. cxd5 exd5 10. Qc2 Nbd7 11. Ne5 c5 12. f4 Ne4 13. Be1 cxd4 14. exd4 Bxc3
15. bxc3 Ba6 16. Bxa6 Rxa6 17. Rb1 Qc8 18. Qd3 Ndf6 19. Bh4 Ra7 20. Rxb6 Qxc3
21. Qxc3 Nxc3 22. Bxf6 gxf6 23. Rxf6 Nxa2 24. Nc6 Rc7 25. Nxa5 Rc2 26. Rf5 Nc3
27. Rf2 Rc1+ 28. Rf1 Rc2 29. Rf2 Rc1+ 30. Rf1 Rc2 31. Rf2 Rc1+ 1/2-1/2

[Event "Cto Aragón Equipos Div Honor Titulo"]
[Site "Aragon"]
[Date "2015.03.28"]
[Round "10.4"]
[White "Ramiro Ovejero, Juan Luis"]
[Black "Lopez Gracia, Fernando"]
[Result "0-1"]
[WhiteElo "2350"]
[BlackElo "2327"]
[PlyCount "46"]
[EventDate "2015.02.21"]
[WhiteTeam "Jaime Casas"]
[BlackTeam "St. Casablanca"]

1. d4 d6 2. Nf3 Bg4 3. Bf4 Bxf3 4. gxf3 g6 5. c3 Nd7 6. e4 Bg7 7. Nd2 Ngf6 8.
Be3 e6 9. Be2 d5 10. c4 c6 11. cxd5 cxd5 12. Qb3 O-O 13. Rc1 e5 14. dxe5 Nxe5
15. f4 Nc6 16. Bc5 dxe4 17. Bxf8 Nd4 18. Qd1 Qxf8 19. Nb3 Nf5 20. O-O Qb8 21.
Qd2 Bh6 22. Qc3 Qxf4 23. Qxf6 Bg7 0-1

[Event "Cto Aragón Equipos Div Honor Titulo"]
[Site "Aragon"]
[Date "2015.03.28"]
[Round "10.5"]
[White "Del Rey, Diego"]
[Black "Villuendas Valero, Adrian"]
[Result "1/2-1/2"]
[WhiteElo "2390"]
[BlackElo "2288"]
[PlyCount "32"]
[EventDate "2015.02.21"]
[WhiteTeam "El Olivar"]
[BlackTeam "St. Casablanca B"]

1. e4 e6 2. d3 d5 3. Qe2 Nf6 4. Nf3 Be7 5. g3 b6 6. Bg2 Bb7 7. Nbd2 c5 8. O-O
Nc6 9. e5 Nd7 10. h4 Qc7 11. Re1 h6 12. c4 dxc4 13. Nxc4 b5 14. Na3 a6 15. Bd2
O-O 16. Rac1 Rfd8 1/2-1/2

[Event "Cto Aragón Equipos Div Honor Titulo"]
[Site "Aragon"]
[Date "2015.03.28"]
[Round "10.6"]
[White "Gomez Anadon, Daniel"]
[Black "Chueca Forcen, Alberto"]
[Result "0-1"]
[WhiteElo "2249"]
[BlackElo "2305"]
[PlyCount "90"]
[EventDate "2015.02.21"]
[WhiteTeam "St. Casablanca B"]
[BlackTeam "El Olivar"]

1. c4 e6 2. g3 d5 3. Bg2 f5 4. Nf3 Nf6 5. b3 Bd6 6. Bb2 O-O 7. O-O c6 8. Qc2
Qe7 9. Be5 Nbd7 10. Bxd6 Qxd6 11. cxd5 cxd5 12. Rc1 b6 13. Qc6 Qxc6 14. Rxc6
Nc5 15. Ne5 Bb7 16. Rc7 Rfc8 17. Rxc8+ Rxc8 18. Na3 Ncd7 19. Nxd7 Nxd7 20. Kf1
a6 21. Ke1 Kf7 22. d4 g5 23. h3 Ke7 24. Kd2 a5 25. Nc2 Kd6 26. Re1 Ba6 27. Bf3
Nf6 28. h4 gxh4 29. gxh4 Rg8 30. Ne3 Ne4+ 31. Bxe4 dxe4 32. Rh1 f4 33. Nd1 e5
34. e3 exd4 35. exd4 Kd5 36. h5 Kxd4 37. Rh4 Ke5 38. h6 Rg2 39. Rh5+ Kd4 40.
Ke1 e3 41. Rh1 Bd3 42. a3 b5 43. b4 a4 44. fxe3+ fxe3 45. Rh4+ Be4 0-1

[Event "Cto Aragón Equipos Div Honor Titulo"]
[Site "Aragon"]
[Date "2015.03.28"]
[Round "10.7"]
[White "Palacios Latasa, Elias"]
[Black "Cortes Lizano, Jesus"]
[Result "1-0"]
[WhiteElo "2248"]
[BlackElo "2128"]
[PlyCount "105"]
[EventDate "2015.02.21"]
[WhiteTeam "El Olivar"]
[BlackTeam "St. Casablanca B"]

1. e4 c5 2. Nf3 d6 3. Nc3 Nf6 4. e5 dxe5 5. Nxe5 Nbd7 6. Nc4 e6 7. Be2 Nb6 8.
b3 Nxc4 9. bxc4 Bd6 10. Bf3 O-O 11. Rb1 Rb8 12. O-O a6 13. d3 Qc7 14. h3 h6 15.
Re1 Nd7 16. Ne4 Be7 17. g3 f5 18. Bf4 e5 19. Nc3 exf4 20. Nd5 Qd6 21. Nxe7+ Kh7
22. g4 Ne5 23. Nxc8 Rbxc8 24. Rxb7 Rce8 25. Kf1 fxg4 26. hxg4 Qf6 27. Re4 Qh4
28. Qe2 Nxg4 29. Ke1 Nf6 30. Ree7 Rxe7 31. Qxe7 Rg8 32. Bd5 Qg5 33. Bxg8+ Kxg8
34. Kd2 h5 35. Rc7 Qg2 36. Qxc5 h4 37. Rc8+ Kf7 38. Qc7+ Kg6 39. Qxf4 h3 40.
Rh8 Nh5 41. Qd6+ Nf6 42. Ke2 Qg4+ 43. Ke3 Kf5 44. Qh2 Nh5 45. Qd6 Qg5+ 46. Kd4
Kg4 47. Qd7+ Kh4 48. Qc7 Qf6+ 49. Ke3 Kg4 50. Qd7+ Kh4 51. Rxh5+ Kxh5 52. Qxh3+
Kg5 53. Qg3+ 1-0

[Event "Cto Aragón Equipos Div Honor Titulo"]
[Site "Aragon"]
[Date "2015.03.28"]
[Round "10.8"]
[White "Bellosta Lopez, Pablo"]
[Black "Sanmartin Agustin, Borja"]
[Result "1-0"]
[WhiteElo "2074"]
[BlackElo "2025"]
[PlyCount "97"]
[EventDate "2015.02.21"]
[WhiteTeam "St. Casablanca B"]
[BlackTeam "El Olivar"]

1. e4 c5 2. Nf3 d6 3. Bb5+ Bd7 4. Bxd7+ Qxd7 5. c4 Nc6 6. Nc3 Nf6 7. d4 cxd4 8.
Nxd4 g6 9. h3 Bg7 10. Be3 O-O 11. O-O Rac8 12. b3 b6 13. Rc1 Qb7 14. Nxc6 Qxc6
15. Qd3 Nd7 16. Nd5 Rfe8 17. Bg5 Nc5 18. Qe2 f6 19. Bh4 g5 20. Bg3 e6 21. Nb4
Qxe4 22. Qd2 a5 23. f3 Qf5 24. Nc2 d5 25. Ne3 Qd3 26. Qxd3 Nxd3 27. Rcd1 Nb2
28. Rd2 f5 29. f4 Bc3 30. Rc2 Bd4 31. Bf2 Nd3 32. Rd2 Nxf4 33. cxd5 Bxe3 34.
Bxe3 Nxd5 35. Bxg5 Rc3 36. Re1 Kf7 37. Rde2 Rg8 38. h4 Rg6 39. Kh2 h6 40. Bc1
Nf6 41. Bb2 Rc6 42. Rd1 Nd5 43. Rdd2 Rg4 44. g3 Nc3 45. Rd7+ Ke8 46. Red2 Nd5
47. Rh7 Rc7 48. Rxh6 Ne7 49. Rxe6 1-0

[Event "Cto Aragón Equipos Div Honor Titulo"]
[Site "Aragon"]
[Date "2015.03.28"]
[Round "10.9"]
[White "Guzman Moneo, Alberto"]
[Black "Lana Rodriguez, David"]
[Result "1/2-1/2"]
[WhiteElo "2216"]
[BlackElo "2254"]
[PlyCount "20"]
[EventDate "2015.02.21"]
[WhiteTeam "Helios"]
[BlackTeam "Agrupacion"]

1. e4 c6 2. Nf3 d5 3. Nc3 Bg4 4. h3 Bxf3 5. Qxf3 d4 6. Bc4 Nf6 7. e5 dxc3 8.
exf6 exf6 9. Qxc3 Bd6 10. Qe3+ Qe7 1/2-1/2

[Event "Cto Aragón Equipos Div Honor Titulo"]
[Site "Aragon"]
[Date "2015.03.28"]
[Round "10.10"]
[White "Remiro Juste, Fernando Jose"]
[Black "Cerrajeria Ruiz, Jesus Maria"]
[Result "0-1"]
[WhiteElo "2232"]
[BlackElo "2163"]
[PlyCount "92"]
[EventDate "2015.02.21"]
[WhiteTeam "Agrupacion"]
[BlackTeam "Helios"]

1. d4 Nf6 2. c4 c5 3. d5 b5 4. Qc2 bxc4 5. e4 d6 6. Bxc4 g6 7. Nf3 Bg7 8. O-O
O-O 9. h3 Na6 10. Nc3 Rb8 11. Bf4 Qa5 12. e5 Ne8 13. Qe2 Nac7 14. Rac1 Ba6 15.
b3 Bxc4 16. bxc4 Rb4 17. Ne4 Qa6 18. Rfe1 Ra4 19. Rc2 Na8 20. exd6 exd6 21.
Nxc5 dxc5 22. Qxe8 g5 23. d6 gxf4 24. d7 Bf6 25. Qe4 Nc7 26. Qxf4 Bd8 27. Ne5
Qf6 28. Qg3+ Qg5 29. Qf3 Ne6 30. Qc6 Nf4 31. Ng4 Rb4 32. Re5 f5 33. Qxc5 Rb6
34. Re8 Ne6 35. Rxf8+ Nxf8 36. Qd5+ Ne6 37. c5 Rb1+ 38. Kh2 Re1 39. c6 Bc7+ 40.
g3 fxg4 41. Qxg5+ Nxg5 42. hxg4 Re6 43. d8=Q+ Bxd8 44. c7 Bxc7 45. Rxc7 Ra6 46.
Rc2 Nf3+ 0-1

[Event "Cto Aragón Equipos Div Honor Titulo"]
[Site "Aragon"]
[Date "2015.03.28"]
[Round "10.11"]
[White "Navarro Alonso, Jorge"]
[Black "Carruez Berges, Fernando"]
[Result "1/2-1/2"]
[WhiteElo "2154"]
[BlackElo "2095"]
[PlyCount "31"]
[EventDate "2015.02.21"]
[WhiteTeam "Helios"]
[BlackTeam "Agrupacion"]

1. e4 e6 2. d4 d5 3. Nc3 Bb4 4. e5 c5 5. Bd2 Ne7 6. f4 cxd4 7. Nb5 Bxd2+ 8.
Qxd2 O-O 9. Nf3 Nbc6 10. Nbxd4 Nxd4 11. Nxd4 Nc6 12. O-O-O Qa5 13. Qxa5 Nxa5
14. Bd3 Bd7 15. Nb3 Nxb3+ 16. axb3 1/2-1/2

[Event "Cto Aragón Equipos Div Honor Titulo"]
[Site "Aragon"]
[Date "2015.03.28"]
[Round "10.12"]
[White "Carruez Berges, Santiago"]
[Black "Montes Santos, Lorenzo"]
[Result "1-0"]
[WhiteElo "2084"]
[BlackElo "2064"]
[PlyCount "75"]
[EventDate "2015.02.21"]
[WhiteTeam "Agrupacion"]
[BlackTeam "Helios"]

1. e4 g6 2. d4 Bg7 3. Nc3 d6 4. Nf3 Nf6 5. Be2 O-O 6. O-O c6 7. a4 Bg4 8. h3
Bxf3 9. Bxf3 Nbd7 10. Be3 Qc7 11. Qd2 a6 12. a5 Rac8 13. Rfd1 Rfd8 14. Bg5 e5
15. dxe5 dxe5 16. Qd6 Qxd6 17. Rxd6 h6 18. Be3 Bf8 19. Rd2 Nc5 20. Rad1 Rxd2
21. Rxd2 Kg7 22. Kf1 Be7 23. Ke2 Rc7 24. g3 Rd7 25. Rxd7 Ncxd7 26. Na4 Bb4 27.
Bd2 Bxd2 28. Kxd2 Kf8 29. Ke3 Ke7 30. Be2 Ne8 31. b4 f5 32. c4 Nc7 33. Bd3 Kf6
34. Nb6 Nf8 35. h4 Nfe6 36. Nd7+ Ke7 37. Nxe5 Kf6 38. Nxg6 1-0

[Event "Cto Aragón Equipos Div Honor Descenso"]
[Site "Aragon"]
[Date "2015.03.28"]
[Round "10.13"]
[White "Salamero Pelay, Fernando"]
[Black "Colas Longares, Rafael P"]
[Result "0-1"]
[WhiteElo "2164"]
[BlackElo "2270"]
[PlyCount "96"]
[EventDate "2015.02.21"]
[WhiteTeam "Club atletismo Huesca"]
[BlackTeam "Caissa"]

1. e4 e5 2. Nf3 Nc6 3. Bb5 g6 4. d4 exd4 5. Bg5 Be7 6. Bxe7 Qxe7 7. O-O Nf6 8.
Bxc6 dxc6 9. Qxd4 O-O 10. e5 Nd5 11. Nbd2 Bf5 12. Rac1 Rfd8 13. Ne4 b6 14. Rfe1
c5 15. Qd2 Bxe4 16. Rxe4 Nb4 17. Qh6 Qf8 18. Qh3 f5 19. exf6 Qxf6 20. Rce1 Nxc2
21. Ng5 Qxg5 22. Qb3+ Kh8 23. Qxc2 Rd7 24. Qc3+ Kg8 25. Re5 Qf6 26. Qc4+ Qf7
27. Qe4 Rf8 28. f3 Qxa2 29. Re2 Qb3 30. Re8 Qd1+ 31. Kf2 Qd4+ 32. Kg3 Qxe4 33.
R8xe4 a5 34. h4 Rf5 35. Re8+ Kg7 36. R2e6 Rf8 37. Rxf8 Kxf8 38. h5 Rd6 39. Re5
gxh5 40. Rxh5 a4 41. Rxh7 Rd2 42. Rxc7 Rxb2 43. Ra7 b5 44. Ra5 c4 45. Kf4 c3
46. Ke3 b4 47. Rxa4 c2 48. Kd2 b3 0-1

[Event "Cto Aragón Equipos Div Honor Descenso"]
[Site "Aragon"]
[Date "2015.03.28"]
[Round "10.14"]
[White "Garcia Vicente, Nieves"]
[Black "Luis Vitalla, Fernando"]
[Result "1/2-1/2"]
[WhiteElo "2171"]
[BlackElo "2143"]
[PlyCount "68"]
[EventDate "2015.02.21"]
[WhiteTeam "Caissa"]
[BlackTeam "Club atletismo Huesca"]

1. d4 d5 2. c4 c6 3. Nc3 Nf6 4. e3 e6 5. Nf3 Nbd7 6. Bd3 dxc4 7. Bxc4 b5 8. Be2
Bb7 9. O-O a6 10. e4 c5 11. e5 Ne4 12. Nxe4 Bxe4 13. Ng5 Bd5 14. Bh5 g6 15. Bf3
h6 16. Ne4 cxd4 17. Qxd4 Bg7 18. Nd6+ Ke7 19. Qb4 Kf8 20. Bxd5 exd5 21. Nf5+
Kg8 22. Nxg7 Kxg7 23. Qd4 Nf8 24. Rd1 Ne6 25. Qxd5 Qxd5 26. Rxd5 Rhd8 27. Rxd8
Rxd8 28. Be3 g5 29. g3 Nd4 30. Bxd4 Rxd4 31. Rc1 Rd2 32. Rc6 a5 33. b4 axb4 34.
Rc5 Rxa2 1/2-1/2

[Event "Cto Aragón Equipos Div Honor Descenso"]
[Site "Aragon"]
[Date "2015.03.28"]
[Round "10.15"]
[White "Gella Lopez, Angel"]
[Black "Gil Capape, Marco Antonio"]
[Result "0-1"]
[WhiteElo "2089"]
[BlackElo "2073"]
[PlyCount "134"]
[EventDate "2015.02.21"]
[WhiteTeam "Club atletismo Huesca"]
[BlackTeam "Caissa"]

1. d4 Nf6 2. c4 e5 3. dxe5 Ng4 4. Bf4 Bb4+ 5. Nc3 Nc6 6. Nf3 Qe7 7. Qb3 a5 8.
a3 a4 9. Qc2 Ba5 10. e3 Ngxe5 11. Nxe5 Nxe5 12. Be2 O-O 13. O-O Bxc3 14. Qxc3
Re8 15. Rfd1 d6 16. Rac1 Nd7 17. Bd3 Nc5 18. Bc2 Bd7 19. Rd5 Bc6 20. Rh5 g6 21.
Rh3 Be4 22. Bxe4 Nxe4 23. Qd4 Ra5 24. Rd1 Qe6 25. Rc1 Nc5 26. Rc2 Qf5 27. Qc3
b6 28. Rf3 Ne4 29. Qd4 Ng5 30. Bxg5 Qxc2 31. h4 Rae5 32. Bf6 Re4 33. Qd5 Rg4
34. Bg5 Re6 35. g3 Qe4 36. Qd1 Qxc4 37. Rf6 Rxf6 38. Bxf6 h5 39. Bd4 Re4 40.
Qf3 Rxd4 41. exd4 Qxd4 42. Qe2 Qe5 43. Qc2 d5 44. Qxa4 Qxb2 45. Qa8+ Kg7 46.
Qxd5 c5 47. Qd3 b5 48. Qe3 c4 49. g4 hxg4 50. h5 Qf6 51. hxg6 Kxg6 52. Qe4+ Qf5
53. Qc6+ Kg5 54. Qc7 Qb1+ 55. Kh2 f6 56. Qg7+ Qg6 57. Qc7 Qh6+ 58. Kg1 Kg6 59.
Qc8 Qc1+ 60. Kg2 c3 61. Qe8+ Kh6 62. Qh8+ Kg5 63. Qg7+ Kf5 64. Qd7+ Ke4 65.
Qxg4+ Qf4 66. Qe2+ Kd4 67. Qxb5 Qg5+ 0-1

[Event "Cto Aragón Equipos Div Honor Descenso"]
[Site "Aragon"]
[Date "2015.03.28"]
[Round "10.16"]
[White "Carraminana Lopez, Luis Antonio"]
[Black "Rodriguez Avellanas, Jose Manuel"]
[Result "1/2-1/2"]
[WhiteElo "1968"]
[BlackElo "1777"]
[PlyCount "80"]
[EventDate "2015.02.21"]
[WhiteTeam "Caissa"]
[BlackTeam "Club atletismo Huesca"]

1. e4 e6 2. d4 d5 3. Nd2 c5 4. Ngf3 Nc6 5. c3 cxd4 6. cxd4 Bb4 7. e5 Nge7 8.
Bd3 Ng6 9. O-O O-O 10. a3 Be7 11. b4 a6 12. Nb3 b6 13. g3 Bb7 14. h4 f5 15.
exf6 Bxf6 16. Bxg6 hxg6 17. Bf4 Re8 18. Re1 Qd7 19. Qd3 Qf7 20. Be5 Bxe5 21.
Nxe5 Qf5 22. Qxf5 gxf5 23. Nd7 Rad8 24. Ne5 Nxe5 25. Rxe5 Rc8 26. Rc1 Kf7 27.
Ree1 Rc4 28. Kf1 Rec8 29. Ke2 Rc2+ 30. Rxc2 Rxc2+ 31. Nd2 Bc6 32. Ra1 Bb5+ 33.
Ke1 Bd3 34. Kd1 Rc3 35. Nf3 Bc2+ 36. Ke2 Ba4 37. Ne5+ Kf6 38. Ra2 Rc1 39. Kd2
Rd1+ 40. Ke3 Re1+ 1/2-1/2

[Event "Cto Aragón Equipos Div Honor Descenso"]
[Site "Aragon"]
[Date "2015.03.28"]
[Round "10.17"]
[White "Cebrian Valverde, Jose Antonio"]
[Black "Sierra Aguerri, Joaquin"]
[Result "1-0"]
[WhiteElo "2140"]
[BlackElo "2072"]
[PlyCount "127"]
[EventDate "2015.02.21"]
[WhiteTeam "San Jose"]
[BlackTeam "Tauste"]

1. d4 Nf6 2. c4 d6 3. Nf3 g6 4. Nc3 Bg7 5. e4 O-O 6. Be2 Bg4 7. O-O Nfd7 8. Be3
Nc6 9. d5 Na5 10. Re1 Bxf3 11. gxf3 c5 12. Qd2 f5 13. Bh6 Ne5 14. Bxg7 Kxg7 15.
b3 f4 16. Na4 g5 17. Nb2 Rf6 18. Nd3 Ng6 19. Kh1 b6 20. Rg1 h6 21. Rg4 Qd7 22.
Qc3 e5 23. Rag1 Nb7 24. Bf1 Nd8 25. Bh3 Nf7 26. Rh4 Qc7 27. Rh5 Rh8 28. Qc1 Kf8
29. Bg4 Nh4 30. Qa3 a5 31. Qa4 Rh7 32. Qb5 Nd8 33. Nb2 Qa7 34. Na4 Rb7 35. Nc3
Re7 36. Qa4 Qb8 37. Qa3 Nf7 38. Qc1 Ng6 39. Qf1 Ra7 40. Qh3 Qa8 41. Bd7 Ne7 42.
Nb5 Rb7 43. Bc6 Qb8 44. Bxb7 Qxb7 45. a4 Ng6 46. Kg2 Ke7 47. Kf1 Qd7 48. Rxh6
Qxh3+ 49. Rxh3 Nh4 50. Ke2 Rh6 51. Nc7 Kf6 52. Ne6 Rh8 53. Rg4 Ng6 54. Rxh8
Ngxh8 55. h4 gxh4 56. Rxh4 Ng6 57. Rh7 Ne7 58. Nc7 Kg6 59. Rh1 Nc8 60. Ne8 Ng5
61. Rh8 Nf7 62. Rg8+ Kh6 63. Rg7 Ng5 64. Rc7 1-0

[Event "Cto Aragón Equipos Div Honor Descenso"]
[Site "Aragon"]
[Date "2015.03.28"]
[Round "10.18"]
[White "Bogomilov Georgiev, Georgi Ii"]
[Black "Gimeno Oteo, Marco Antonio"]
[Result "0-1"]
[WhiteElo "2015"]
[BlackElo "2072"]
[PlyCount "50"]
[EventDate "2015.02.21"]
[WhiteTeam "Tauste"]
[BlackTeam "San Jose"]

1. e4 e5 2. Nf3 Nc6 3. Bc4 Nf6 4. Ng5 d5 5. exd5 Na5 6. Bb5+ c6 7. dxc6 bxc6 8.
Qf3 Qc7 9. h3 Be7 10. Be2 O-O 11. d3 Bb7 12. O-O c5 13. Qg3 Nc6 14. c3 Nd5 15.
f4 exf4 16. Bxf4 Nxf4 17. Rxf4 Bd6 18. Qh4 h6 19. Rg4 Ne5 20. Ne4 Nxg4 21. hxg4
Bxe4 22. dxe4 Bg3 23. Qh5 Qf4 24. Qxc5 Qc1+ 25. Bf1 Qxb2 0-1

[Event "Cto Aragón Equipos Div Honor Descenso"]
[Site "Aragon"]
[Date "2015.03.28"]
[Round "10.19"]
[White "Gutierrez Mingueza, Ruben"]
[Black "Sancho Casale, Jesus"]
[Result "1/2-1/2"]
[WhiteElo "2076"]
[BlackElo "1980"]
[PlyCount "90"]
[EventDate "2015.02.21"]
[WhiteTeam "San Jose"]
[BlackTeam "Tauste"]

1. d4 g6 2. g3 Bg7 3. Bg2 c5 4. Nf3 cxd4 5. Nxd4 Nc6 6. c3 Nf6 7. O-O O-O 8. e4
Nxd4 9. cxd4 d6 10. b3 Bg4 11. f3 Bd7 12. Be3 Qc8 13. Qd3 Bh3 14. Nc3 Bxg2 15.
Kxg2 Qd7 16. Rac1 a6 17. Na4 Qb5 18. Qc2 Nd7 19. Nc3 Qa5 20. Rf2 Rac8 21. Qd3
f5 22. Nd5 Rxc1 23. Bxc1 e6 24. Nf4 fxe4 25. Qxe4 e5 26. Ne6 d5 27. Qe2 Re8 28.
Nxg7 Kxg7 29. dxe5 d4 30. f4 Nc5 31. Qc4 Ne4 32. b4 Qb6 33. Rc2 Rd8 34. Qc7+
Qxc7 35. Rxc7+ Kg8 36. Kf3 Nc3 37. Bd2 Nb1 38. Ke2 b5 39. Rc6 d3+ 40. Kd1 Na3
41. Rxa6 Nc4 42. Ke1 Rc8 43. a4 bxa4 44. Rxa4 Nb2 45. Ra1 Rc4 1/2-1/2